01567nam a2200361 a 4500001001000000003000500010005001700015008004100032010001100073011001100084040000900095090001000104100004800114245017800162260004100340500006000381502007700441590003700518590004100555590004000596590004000636650003700676650004900713650003900762856001600801856007000817901000700887942001000894942000600904999001900910952013600929952014001065000111150CHAP20220329144200.0141209s2014 mx fsm |||||||spa d a107612 a108584 cCHAP aTesis1 aCervantes Mondragón, Luis Alberto912896510aTemperatura óptima para pruebas de germinación en semilas de tomate de cáscara (Physalis ixocarpa Brot. ex Horm)h[En línea]cpor Luis Alberto Cervantes Mondragón. aChapingo, Méx. :bEl autor,c2014. aPara ver el contenido del material haga clic en la liga aTesis (Ing. Agr. Esp. en Fitotecnia) -- UACH. Departamento de Fitotecnia aBATCHb00c20181121lUCH01h0759 aE11695DGDb10c20141215lUCH01h1407 aE5995AHEb05c20141209lUCH01h1227 aE5995AHEb05c20141209lUCH01h122814aSemillasxGerminación.910390314aTemperaturaxEfecto en tomate verde.911222714aTomate verdexPlántulas.9113828 a1 n0001528 aFinding aiduhttp://10.13.5.2/tesis/sist111150.pdfzTeclea aquí aBK cTESIS n0 c107612d107612 00104054718TESISaBCbBCd2014-12-09fTESISl0oTesisp33724002438660r2019-12-31 00:00:00w2019-12-31yTESISzRecien adquirido 00102local4053708TESISaBCbBCcPA_TESISd2014-12-09fTESISl0oTesisp33724002438702r2019-12-31 00:00:00tc.2w2019-12-31yTESIS